000 00643nam a2200265Ia 4500
008 210210b2011 xxu||||| |||| 00| 0 eng d
020 _a9780415685665
041 _aeng
082 _a304.8 RAJD
100 _aRAJAN (S Irudaya)
245 _aDynamics of Indian migration
_bHistorical and current perspectives
260 _aLondon
_bRoutledge
_c2011
300 _axvi,433
650 _aperspectives
650 _aof
650 _amigration
650 _aIndian
650 _aHistorical
650 _aDynamics
650 _acurrent
650 _aand
690 _aMigration
700 _aPERCOT (Marie) Eds
906 _a068905
999 _c152992
_d152992